Turbomachines (Record no. 6341)

000 -LEADER
fixed length control field 00565nam a2200205 i 4500
001 - CONTROL NUMBER
control field 6341
003 - CONTROL NUMBER IDENTIFIER
control field BD-DhUET
008 - FIXED-LENGTH DATA ELEMENTS--GENERAL INFORMATION
fixed length control field 800825s1981 nyua b 001 0 eng
020 ## - INTERNATIONAL STANDARD BOOK NUMBER
International Standard Book Number 0471060364
040 ## - CATALOGING SOURCE
Original cataloging agency DLC
Transcribing agency DLC
Modifying agency BD-DhUET
082 ## - DEWEY DECIMAL CLASSIFICATION NUMBER
Classification number 621.165
Item number BAL/1981
100 1# - MAIN ENTRY--PERSONAL NAME
Personal name Balje, O. E.
245 10 - TITLE STATEMENT
Title Turbomachines
Remainder of title a guide to design selection and theory
Statement of responsibility, etc. by O. E. Balje
250 ## - EDITION STATEMENT
Edition statement 1st ed.
260 ## - PUBLICATION, DISTRIBUTION, ETC. (IMPRINT)
Place of publication, distribution, etc. New York
Name of publisher, distributor, etc. John Wiley and Sons
Date of publication, distribution, etc. 1981
300 ## - PHYSICAL DESCRIPTION
Extent x, 513 p.
Other physical details ill.
Dimensions 24 cm.
504 ## - BIBLIOGRAPHY, ETC. NOTE
Bibliography, etc Includes bibliographies
650 #0 - SUBJECT ADDED ENTRY--TOPICAL TERM
Topical term or geographic name as entry element Turbomachines
942 ## - ADDED ENTRY ELEMENTS (KOHA)
Koha item type General Book
Holdings
Sublocation or collection (holding branch) Koha date last seen Koha item type Withdrawn status Piece designation (barcode) Source of classification or shelving scheme Shelving location Not for loan Lost status Price effective from Copy number Koha normalized classification for sorting Location (home branch) Koha full call number Date acquired Damaged status
Central Library, BUET2014-12-02General Book 61480 Circulation section  2014-12-021621_000000000000000_165BAL1981Central Library, BUET621.165/BAL/19812014-12-02 
Central Library, BUET2015-04-26General Book 61485 Circulation section  2014-12-079621_165000000000000_BAL1981Central Library, BUET621.165 /BAL/19812014-12-07 
Central Library, BUET2014-12-07General Book 61482 Circulation section  2014-12-076621_165000000000000_BAL1981Central Library, BUET621.165 /BAL/19812014-12-07 
Central Library, BUET2014-12-07General Book 61486 Circulation section  2014-12-0710621_165000000000000_BAL1981Central Library, BUET621.165 /BAL/19812014-12-07 
Central Library, BUET2014-12-07General Book 61479 Circulation section  2014-12-073621_165000000000000_BAL1981Central Library, BUET621.165 /BAL/19812014-12-07 
Central Library, BUET2014-12-07General Book 61481 Circulation section  2014-12-075621_165000000000000_BAL1981Central Library, BUET621.165 /BAL/19812014-12-07 
Central Library, BUET2014-12-07General Book 61484 Circulation section  2014-12-078621_165000000000000_BAL1981Central Library, BUET621.165 /BAL/19812014-12-07 
Central Library, BUET2014-12-07General Book 61478 Circulation section  2014-12-072621_165000000000000_BAL1981Central Library, BUET621.165 /BAL/19812014-12-07 
Central Library, BUET2015-04-23General Book 61477 Circulation section  2015-04-2311621_165000000000000_BAL_1981Central Library, BUET621.165/BAL/19812015-04-23